ICTACT JOURNAL ON COMMUNICATION TECHNOLOGY (Record no. 19878)

MARC details
000 -LEADER
fixed length control field 00250nam a2200097Ia 4500
008 - FIXED-LENGTH DATA ELEMENTS--GENERAL INFORMATION
fixed length control field 230205s9999 xx 000 0 und d
245 #0 - TITLE STATEMENT
Title ICTACT JOURNAL ON COMMUNICATION TECHNOLOGY
260 ## - PUBLICATION, DISTRIBUTION, ETC. (IMPRINT)
Name of publisher ICTACT
Year of publication 0
650 ## - SUBJECT ADDED ENTRY--TOPICAL TERM
Topical Term Electronics & Comm.
942 ## - ADDED ENTRY ELEMENTS (KOHA)
Koha item type Journal
952 ## - LOCATION AND ITEM INFORMATION (KOHA)
Year 2016
952 ## - LOCATION AND ITEM INFORMATION (KOHA)
Year 2016
952 ## - LOCATION AND ITEM INFORMATION (KOHA)
Year 2016
952 ## - LOCATION AND ITEM INFORMATION (KOHA)
Year 2017
952 ## - LOCATION AND ITEM INFORMATION (KOHA)
Year 2017
952 ## - LOCATION AND ITEM INFORMATION (KOHA)
Year 2017
952 ## - LOCATION AND ITEM INFORMATION (KOHA)
Year 2017
952 ## - LOCATION AND ITEM INFORMATION (KOHA)
Year 2017
952 ## - LOCATION AND ITEM INFORMATION (KOHA)
Year 2018
952 ## - LOCATION AND ITEM INFORMATION (KOHA)
Year 2018
952 ## - LOCATION AND ITEM INFORMATION (KOHA)
Year 2018
952 ## - LOCATION AND ITEM INFORMATION (KOHA)
Year 2018
952 ## - LOCATION AND ITEM INFORMATION (KOHA)
Year 2019
952 ## - LOCATION AND ITEM INFORMATION (KOHA)
Year 2019
952 ## - LOCATION AND ITEM INFORMATION (KOHA)
Year 2019
952 ## - LOCATION AND ITEM INFORMATION (KOHA)
Year 2020
952 ## - LOCATION AND ITEM INFORMATION (KOHA)
Year 2020
952 ## - LOCATION AND ITEM INFORMATION (KOHA)
Year 2020
952 ## - LOCATION AND ITEM INFORMATION (KOHA)
Year 2021
952 ## - LOCATION AND ITEM INFORMATION (KOHA)
Year 2021
952 ## - LOCATION AND ITEM INFORMATION (KOHA)
Year 2021
952 ## - LOCATION AND ITEM INFORMATION (KOHA)
Year 2021
952 ## - LOCATION AND ITEM INFORMATION (KOHA)
Year 2022
952 ## - LOCATION AND ITEM INFORMATION (KOHA)
Year 2022
Holdings
Serial Enumeration / chronology Price effective from Koha item type Withdrawn / writtenoff status Damaged status Not for loan Collection code Permanent Location Current Location Date acquired Lost/ Missing status department
Year 2016, Vol 07, Issue 01 02/05/2023 Journal     Not For Loan   MIET Library, Jammu MIET Library, Jammu 05/09/2016   Journal (National)
Year 2016, Vol 07, Issue 02 02/05/2023 Journal     Not For Loan   MIET Library, Jammu MIET Library, Jammu 08/05/2016   Journal (National)
Year 2016, Vol 07, Issue 03 02/05/2023 Journal     Not For Loan   MIET Library, Jammu MIET Library, Jammu 12/20/2016   Journal (National)
Year 2017, Vol 08, Issue 01 02/05/2023 Journal     Not For Loan   MIET Library, Jammu MIET Library, Jammu 05/03/2017   Journal (National)
Year 2017, Vol 08, Issue 02 02/05/2023 Journal     Not For Loan   MIET Library, Jammu MIET Library, Jammu 05/15/2017   Journal (National)
Year 2017, Vol 08, Issue 02 02/05/2023 Journal     Not For Loan   MIET Library, Jammu MIET Library, Jammu 08/23/2017   Journal (National)
Year 2017, Vol 08, Issue 03 02/05/2023 Journal     Not For Loan   MIET Library, Jammu MIET Library, Jammu 12/18/2017   Journal (National)
Year 2017, Vol 08, Issue 04 02/05/2023 Journal     Not For Loan   MIET Library, Jammu MIET Library, Jammu 03/07/2018   Journal (National)
Year 2018, Vol 09, Issue 01 02/05/2023 Journal     Not For Loan   MIET Library, Jammu MIET Library, Jammu 06/16/2018   Journal (National)
Year 2018, Vol 09, Issue 02 02/05/2023 Journal     Not For Loan   MIET Library, Jammu MIET Library, Jammu 09/14/2018   Journal (National)
Year 2018, Vol 09, Issue 03 02/05/2023 Journal     Not For Loan   MIET Library, Jammu MIET Library, Jammu 01/18/2019   Journal (National)
Year 2018, Vol 09, Issue 04 02/05/2023 Journal     Not For Loan   MIET Library, Jammu MIET Library, Jammu 03/12/2019   Journal (National)
Year 2019, Vol 10, Issue 01 02/05/2023 Journal     Not For Loan   MIET Library, Jammu MIET Library, Jammu 05/22/2019   Journal (National)
Year 2019, Vol 10, Issue 02 02/05/2023 Journal     Not For Loan   MIET Library, Jammu MIET Library, Jammu 08/27/2019   Journal (National)
Year 2019, Vol 10, Issue 03 02/05/2023 Journal     Not For Loan   MIET Library, Jammu MIET Library, Jammu 11/29/2019   Journal (National)
Year 2020, Vol 11, Issue 01 02/05/2023 Journal     Not For Loan   MIET Library, Jammu MIET Library, Jammu 10/21/2020   Journal (National)
Year 2020, Vol 11, Issue 03 02/05/2023 Journal     Not For Loan   MIET Library, Jammu MIET Library, Jammu 03/18/2021   Journal (National)
Year 2020, Vol 11, Issue 04 02/05/2023 Journal     Not For Loan   MIET Library, Jammu MIET Library, Jammu 08/20/2021   Journal (National)
Year 2021, Vol 12, Issue 01 02/05/2023 Journal     Not For Loan   MIET Library, Jammu MIET Library, Jammu 08/20/2021   Journal (National)
Year 2021, Vol 12, Issue 02 02/05/2023 Journal     Not For Loan   MIET Library, Jammu MIET Library, Jammu 10/30/2021   Journal (National)
Year 2021, Vol 12, Issue 03 02/05/2023 Journal     Not For Loan   MIET Library, Jammu MIET Library, Jammu 11/29/2021   Journal (National)
Year 2021, Vol 12, Issue 04 02/05/2023 Journal     Not For Loan   MIET Library, Jammu MIET Library, Jammu 02/25/2022   Journal (National)
Year 2022, Vol 13, Issue 01 02/05/2023 Journal     Not For Loan   MIET Library, Jammu MIET Library, Jammu 03/01/2022   Journal (National)
Year 2022, Vol 13, Issue 02 02/05/2023 Journal     Not For Loan   MIET Library, Jammu MIET Library, Jammu 10/20/2022   Journal (National)